मुफ्त का चंदना / (Record no. 112416)

MARC details
000 -LEADER
fixed length control field 01098nam a22002777a 4500
003 - CONTROL NUMBER IDENTIFIER
control field dpl
005 - DATE AND TIME OF LATEST TRANSACTION
control field 20170204140658.0
008 - FIXED-LENGTH DATA ELEMENTS--GENERAL INFORMATION
fixed length control field 170204b xxu||||| |||| 00| 0 eng d
010 ## - LIBRARY OF CONGRESS CONTROL NUMBER
LC control number B-067072,B-067078
020 ## - INTERNATIONAL STANDARD BOOK NUMBER
Terms of availability 100.00
035 ## - SYSTEM CONTROL NUMBER
System control number B-067072, B-067078
037 ## - SOURCE OF ACQUISITION
Source of stock number/acquisition Cen Lib/Ret
040 ## - CATALOGING SOURCE
Original cataloging agency DPL
Language of cataloging HN
Transcribing agency DPL
082 ## - DEWEY DECIMAL CLASSIFICATION NUMBER
Classification number 827
Item number ठाकरे
100 ## - MAIN ENTRY--PERSONAL NAME
Personal name ठाकरे, कांतिलाल
9 (RLIN) 47336
245 ## - TITLE STATEMENT
Title मुफ्त का चंदना /
Statement of responsibility, etc कांतिलाल ठाकरे
246 ## - VARYING FORM OF TITLE
Title proper/short title Muft ka chandan /
Remainder of title by Kantilal Thakre
260 ## - PUBLICATION, DISTRIBUTION, ETC. (IMPRINT)
Place of publication, distribution, etc दिल्ली
Name of publisher, distributor, etc दिशा प्रकाशन
Date of publication, distribution, etc 2002
270 ## - ADDRESS
City दिल्ली
Address 138/16, त्रिनगर
Postal code 110035
300 ## - PHYSICAL DESCRIPTION
Extent 119पृ.
Dimensions 20सेमी(सजिल्द)
650 ## - SUBJECT ADDED ENTRY--TOPICAL TERM
Topical term or geographic name as entry element हिन्दी साहित्य
9 (RLIN) 47337
650 ## - SUBJECT ADDED ENTRY--TOPICAL TERM
Topical term or geographic name as entry element हिन्दी साहित्य -- कहानियां
9 (RLIN) 47338
650 ## - SUBJECT ADDED ENTRY--TOPICAL TERM
Topical term or geographic name as entry element Hindi literature
9 (RLIN) 47339
650 ## - SUBJECT ADDED ENTRY--TOPICAL TERM
Topical term or geographic name as entry element Hindi literature -- Stories
9 (RLIN) 47340
942 ## - ADDED ENTRY ELEMENTS (KOHA)
Source of classification or shelving scheme Dewey Decimal Classification
Koha item type Hindi Books
Classification part 827
Call number suffix ठाकरे
Holdings
Withdrawn status Lost status Damaged status Not for loan Home library Current library Date acquired Source of acquisition Cost, normal purchase price Total Checkouts Full call number Barcode Date last seen Copy number Cost, replacement price Price effective from Koha item type Source of classification or shelving scheme Collection code Shelving location
        Central Library Central Library 08/08/2015 Cen Lib/Ret 100.00   827 ठाकरे B-067072 08/08/2015 1 100.00 08/08/2015 Hindi Books      
      Ordered Sarojini Nagar Sarojini Nagar 30/01/2017       827 ठाकरे B-067078 30/01/2017 1 100.00 30/01/2017 Hindi Books Dewey Decimal Classification Non-fiction On Display

© Delhi Public Library
Hit Counter
free hit counter